[Event "Friedrichroda op 11th"]
[Site "Friedrichroda"]
[Date "2007.08.09"]
[Round "3"]
[White "Schierwater, Bernd"]
[Black "Lisson, Sandra"]
[Result "1-0"]
[WhiteElo "1709"]
[BlackElo "1221"]
[PlyCount "41"]
[EventDate "2007.08.08"]
[EventType "swiss"]
[EventRounds "7"]
[EventCountry "GER"]
[SourceTitle "CBM 120 Extra"]
[Source "ChessBase"]
[SourceDate "2007.11.01"]
[SourceVersion "1"]
[SourceVersionDate "2007.11.01"]
[SourceQuality "1"]

1. e4 c5 2. b4 cxb4 3. d4 g6 4. a3 Bg7 5. axb4 Nc6 6. c3 e6 7. Nf3 d6 8. Bg5 Nge7 9. Qd2 0-0 10. Bh6 d5 11. Bxg7 Kxg7 12. e5 Bd7 13. Bd3 Nf5 14. h4 h6 15. g4 Nfe7 16. h5 g5 17. Nxg5 Rb8 18. Nh3 Rh8 19. g5 b5 20. gxh6+ Rxh6 21. Qg5+ 1-0

[Event "Friedrichroda op 11th"]
[Site "Friedrichroda"]
[Date "2007.08.08"]
[Round "1"]
[White "Wagner, Bernd1"]
[Black "Lisson, Sandra"]
[Result "1-0"]
[WhiteElo "2099"]
[BlackElo "1221"]
[PlyCount "47"]
[EventDate "2007.08.08"]
[EventType "swiss"]
[EventRounds "7"]
[EventCountry "GER"]
[SourceTitle "CBM 120 Extra"]
[Source "ChessBase"]
[SourceDate "2007.11.01"]
[SourceVersion "1"]
[SourceVersionDate "2007.11.01"]
[SourceQuality "1"]

1. d4 g6 2. Nf3 Bg7 3. e3 Nf6 4. Bd3 0-0 5. 0-0 Nc6 6. Nbd2 d6 7. c4 e6 8. Re1 a6 9. a3 Bd7 10. b4 Ne7 11. Bb2 c5 12. Qc2 Rc8 13. dxc5 dxc5 14. Ne5 cxb4 15. axb4 Nfd5 16. Qb3 Qc7 17. Nxd7 Bxb2 18. Qxb2 Qxd7 19. cxd5 Qxd5 20. Be2 Qf5 21. Rac1 Rcd8 22. Bf3 Rd7 23. Rc5 Qd3 24. Ne4 1-0

[Event "GER-ch U14 Girls"]
[Site "Willingen"]
[Date "2007.06.02"]
[Round "9"]
[White "Lisson, Sandra"]
[Black "Kirst, Julia"]
[Result "1/2-1/2"]
[WhiteElo "1083"]
[BlackElo "1462"]
[PlyCount "46"]
[EventDate "2007.05.26"]
[EventType "swiss"]
[EventRounds "9"]
[EventCountry "GER"]
[SourceTitle "CBM 118 Extra"]
[Source "ChessBase"]
[SourceDate "2007.07.04"]
[SourceVersion "1"]
[SourceVersionDate "2007.07.04"]
[SourceQuality "1"]

1. e4 d6 2. d4 g6 3. Nf3 Bg7 4. Nc3 Nf6 5. Be2 0-0 6. 0-0 e5 7. dxe5 dxe5 8. Qxd8 Rxd8 9. Nxe5 Nxe4 10. Nxf7 Nxc3 11. Nxd8 Nxe2+ 12. Kh1 Nxc1 13. Raxc1 b6 14. Rfe1 Bf5 15. Re8+ Bf8 16. Rce1 Nd7 17. Nc6 Rxe8 18. Rxe8 Kf7 19. Re2 a6 20. f3 Kf6 21. g4 Be6 22. g5+ Kxg5 23. Rxe6 Bd6 1/2-1/2

[Event "GER-chT U14 Girls"]
[Site "Burg Stargard"]
[Date "2006.12.30"]
[Round "7.2"]
[White "Lisson, Sandra"]
[Black "Berger, Melanie"]
[Result "1/2-1/2"]
[WhiteElo "1024"]
[BlackElo "1025"]
[PlyCount "55"]
[EventDate "2006.12.27"]
[EventType "team-swiss"]
[EventRounds "7"]
[EventCountry "GER"]
[SourceTitle "EXT 2008"]
[Source "ChessBase"]
[SourceDate "2007.11.25"]
[SourceVersion "1"]
[SourceVersionDate "2007.11.25"]
[SourceQuality "1"]
[WhiteTeam "Waltershausen U14 Girls"]
[BlackTeam "Guennigfeld SV U14 Girls"]
[WhiteTeamCountry "GER"]
[BlackTeamCountry "GER"]

1. e4 e5 2. Nf3 Nf6 3. d4 Nxe4 4. dxe5 d6 5. Bc4 Bg4 6. 0-0 Nc6 7. Qd5 Bh5 8. Qxe4 Be7 9. Bd3 Bg6 10. Qe2 Qd7 11. Bg5 Bxg5 12. exd6+ Be7 13. dxe7 Nxe7 14. Bb5 c6 15. Ne5 Qc7 16. Nxg6 hxg6 17. g3 cxb5 18. Qxb5+ Kf8 19. Nc3 Qc8 20. h4 f6 21. f4 Qh3 22. Qxb7 Qxg3+ 23. Qg2 Qxg2+ 24. Kxg2 Rxh4 25. Rad1 Kf7 26. Nd5 Rd8 27. c4 g5 28. Nc3 1/2-1/2